WCW | WWE Cruiserweight Champions Quiz - Statistics

General Stats
  • This quiz has been taken 119 times
  • The average score is 24 of 36
Answer Stats
Wrestler % Correct
Chavo Classic
99%
Chavo Guerrero Jr.
99%
Eddie Guerrero
97%
Rey Mysterio Jr.
97%
Dean Malenko
92%
Billy Kidman
91%
Chris Jericho
86%
Greg Helms
82%
Psychosis
78%
Juventud Guerrera
77%
Syxx/X-Pac
74%
Tajiri
74%
Hornswoggle
72%
Matt Hardy
72%
Último Dragón
72%
Jacqueline
68%
Jamie Noble
68%
Crowbar
67%
Paul London
65%
Alex Wright
56%
Lance Storm
56%
Disco Inferno
55%
Funaki
55%
Daffney
54%
Madusa
54%
Oklahoma
54%
The Artist
54%
Spike Dudley
53%
Chris Candido
51%
Kid Kash
51%
Evan Karagias
49%
Elix Skipper
46%
Lenny Lane
45%
Nunzio
45%
Mike Sanders
35%
Shinjiro Otani
28%
No matching quizzes found
Score Distribution
Percent of People with Each Score
Percentile by Number Answered
Your Score History
You have not taken this quiz